000 00244nam a2200097Ia 4500
001 796480
005 20250826170748.0
008 250824s9999 xx 000 0 und d
245 0 _aVATAN YAHUT SİLİSTRE
_cNAMIK KEMAL
260 _bPARILTI YAYINLARI
999 _c796480
_d796480